| 000 | 01814nam a22003374a 4500 | ||
|---|---|---|---|
| 001 | ebr10289959 | ||
| 003 | CaPaEBR | ||
| 006 | m u | ||
| 007 | cr cn||||||||| | ||
| 008 | 070205s2007 at sb 001 0 eng | ||
| 010 | _z 2007005152 | ||
| 020 | _z9780813215037 (pbk. : alk. paper) | ||
| 020 | _z081321503X (pbk. : alk. paper) | ||
| 040 |
_aCaPaEBR _cCaPaEBR |
||
| 035 | _a(OCoLC)462997223 | ||
| 050 | 1 | 4 |
_aBX1793 _b.P45 2007eb |
| 082 | 0 | 4 |
_a261.7088/282 _222 |
| 100 | 1 |
_aPell, George, _d1941- |
|
| 245 | 1 | 0 |
_aGod & Caesar _h[electronic resource] : _bselected essays on religion, politics, & society / _cGeorge Pell ; edited by M.A. Casey. |
| 246 | 1 | 4 | _aGod and Caesar |
| 260 |
_aBacchus March, Victoria : _bConnor Court Pub. ; _aWashington, D.C. : _bCatholic University of America Press, _cc2007. |
||
| 300 | _axi, 189 p. | ||
| 504 | _aIncludes bibliographical references (p. 175-182) and index. | ||
| 505 | 0 | _aCatholicism and democracy -- Law and morality -- The church and politics -- Catholicism and the architecture of freedom -- Catholicism and democracy -- Is there only secular democracy? -- Faith, reason, and life -- God, evolution, and consilience -- The role of the bishop in promoting the Gospel of life -- The case for God -- Theology and the university -- Human dignity, human rights, and moral responsibility. | |
| 533 |
_aElectronic reproduction. _bPalo Alto, Calif. : _cebrary, _d2013. _nAvailable via World Wide Web. _nAccess may be limited to ebrary affiliated libraries. |
||
| 650 | 0 |
_aChristianity and politics _xCatholic Church. |
|
| 655 | 7 |
_aElectronic books. _2local |
|
| 700 | 1 |
_aCasey, M. A., _d1965- |
|
| 710 | 2 | _aebrary, Inc. | |
| 856 | 4 | 0 |
_uhttp://site.ebrary.com/lib/rucke/Doc?id=10289959 _zAn electronic book accessible through the World Wide Web; click to view |
| 999 |
_c72808 _d72808 |
||